La Guerre du Viêt Nam (1965-1975) - Statistiques

Statistiques générales
  • Ce quiz a été pris 64 fois
  • Le résultat moyen est 7 sur 20
Statistiques - réponses
Questions Réponses % Correct
Troupes communistes agissant au Viêt Nam du sud, donc alliées au précédent. Le Viêt Cong
82%
Capitale du Viêt Nam du sud. Sa chute aux mains des communistes le 30 avril 1975 marqua la fin de la Guerre du Viêt Nam et le début d'un massif exode de 5 595 Sud-Vietnamiens, fuyant le nouveau régime. Saïgon
65%
Pays voisins du Viêt Nam impliqués dans la guerre puisque l'armée communiste du Nord Viêt Nam les traversait pour le ravitaillement en nourriture et en matériel des miliciens du Sud, ce que l'on nomma la "Piste Ho Chi Minh". Le Cambodge
63%
Pays voisins du Viêt Nam impliqués dans la guerre puisque l'armée communiste du Nord Viêt Nam les traversait pour le ravitaillement en nourriture et en matériel des miliciens du Sud, ce que l'on nomma la "Piste Ho Chi Minh". Le Laos
63%
Essence gélifiée, habituellement utilisée dans les bombes incendiaires. Arme abusivement utilisée par l'armée américaine au Viêt Nam et rendue célèbre par le film Apocalypse Now avec cette réplique : "I love the smell of _____ in the morning" ("J'aime l'odeur du _____ au petit matin"). Le napalm
63%
Parti communiste nord-vietnamien qui combattit le Viêt Nam du sud non-communiste. Le Viêt Minh
53%
Présidents en exercice pendant l'intervention américaine officielle au Viêt Nam. Richard Nixon
47%
Défoliant, employé comme arme bactériologique par l'armée américaine avant même le début officiel de la guerre. 49 millions de litres de ce pesticide ont été répandu sur le Viêt Nam entre 1961 et 1971, pour raser cultures et forêts. Environ 4 millions de victimes ont été exposées à ce pesticide, causant de graves maladies et des malformations génétiques impressionnantes qui se transmettent toujours de générations en générations. L'Agent Orange
43%
Fête du Nouvel An lunaire au Viêt Nam. En 1968, les communistes menèrent une campagne militaire de grande ampleur contre les principales villes du pays, campagne déclenchée un jour avant cette fête : l'offensive du __. Le Tết
43%
Présidents en exercice pendant l'intervention américaine officielle au Viêt Nam. Lyndon Johnson
39%
Golfe bordant le Viêt Nam, dans les eaux internationales duquel mouillaient des navires américains en 1965. Entre les 2 et 4 août, leurs radars auraient détecté des cibles nord-vietnamiennes, ce qui donnait un prétexte pour déclencher officiellement la Guerre du Viêt Nam, bien que la réalité de ces attaques ait été douteuse. Le Golfe du Tonkin
29%
Rocker américain dont la très incomprise chanson "Born in the USA" raconte le retour au pays d'un vétéran du Viêt Nam, et le rejet social qu'il subit de la part de ses concitoyens. Bruce Springsteen
25%
Ville, jadis française dès 1787, actuellement troisième du pays par sa population, ville qui fut le siège d'une base aérienne importante utilisée tant par les Sud-Vietnamiens que par les forces aériennes des États-Unis. Đà Nẵng
22%
Département d'outre-mer français qui accueillit des réfugiés du peuple précédent en 1977. Un recensement de l'an 2000 en dénombre 1 600 dans cette ancienne colonie. La Guyane
16%
Groupe ethnique montagnard présent dans le sud de la Chine et plusieurs pays d'Indochine dont le Viêt Nam. Agriculteurs massivement convertis au catholicisme, ils ont toujours résisté aux communistes mais les Américains les ont abandonnés en 1975. Ils sont évoqués dans le film Gran Torino de Clint Eastwood. Les Hmongs
16%
État des États-Unis de la région des Grands Lacs, dans lequel on retrouve l'Université d'État de Kent. Le 4 mai 1970, la garde nationale de l'État tira sur des pacifistes, faisant quatre morts. Le groupe Crosby, Stills, Nash & Young en a fait une chanson au nom de l'État en question. L'Ohio
14%
Ancien volontaire de l'Armée américaine qui obtint l'Oscar du meilleur film pour "Platoon". Oliver Stone
14%
Hameau dans lequel des soldats américains commirent un crime de guerre qui a fait entre 347 et 504 morts civils au Viêt Nam du sud - hommes, femmes, enfants et nourrissons - le 16 mars 1968. Certaines femmes furent violées en groupe et leur corps mutilé. Le massacre de __ ___. Mỹ Lai
12%
Site archéologique située dans le nord de l'un des deux pays précédents (réponse #11), remarquable par la présence de d'imposantes pierres antiques. Les Américains pensant que la piste Ho Chi Minh traversait cette plaine, l'ont bombardée sans cesse pendant neuf ans, en moyenne un bombardement toutes les huit minutes. Le site le plus densément bombardé au monde. La "Plaine des _____". La Plaine des Jarres
4%
Cinéaste français qui réalisa en 1967 le documentaire "La Section Anderson", suivant pendant six semaines la progression des 33 GI d'une section commandée par le lieutenant Joseph Anderson. Il était déjà connu pour "La 317e section" sur la Guerre d'Indochine. Pierre Schoendoerffer
2%
Aucun quiz correspondant
Distribution des résultats
% des personnes avec chaque résultat
Percentile par nombre de réponses
Votre historique - résultats
Vous n’avez pas pris ce quiz